[Event "Wch Blitz"]
[Site "St Petersburg"]
[Date "2018.12.30"]
[Round "15"]
[White "Apryshko, Gleb"]
[Black "Eliseev, Alexey"]
[Result "1-0"]
[WhiteElo "2385"]
[BlackElo "2379"]
[PlyCount "137"]
[EventDate "2018.12.29"]
[EventType "swiss (blitz)"]
[EventRounds "21"]
[EventCountry "RUS"]
[SourceTitle "CBM 187 Extra"]
[Source "ChessBase"]
[SourceDate "2018.11.04"]
[SourceVersion "1"]
[SourceVersionDate "2018.11.04"]
[SourceQuality "1"]

1. e4 g6 2. d4 c6 3. c4 d5 4. exd5 cxd5 5. Nc3 Nf6 6. Qb3 Bg7 7. cxd5 0-0 8. Nge2 Nbd7 9. g3 Ne8 10. Bg2 Nd6 11. 0-0 a6 12. a4 b6 13. Na2 a5 14. Nac3 Ba6 15. Nb5 Rc8 16. Bf4 Nf6 17. Be5 Qd7 18. Nec3 Nc4 19. Rad1 Rfd8 20. Rfe1 Ne8 21. h4 h6 22. Kh2 g5 23. Bh3 g4 24. Bf1 Bxb5 25. axb5 Ncd6 26. Bf4 Nf5 27. Be5 Ned6 28. Bg2 Nc4 29. Re2 Re8 30. Rde1 h5 31. Rd1 Bh6 32. Na4 f6 33. d6 fxe5 34. Nxb6 Qxd6 35. Nxc8 Rxc8 36. dxe5 Qb4 37. Qxb4 axb4 38. Bd5+ Kg7 39. Be6 Rc5 40. Bxf5 Nxe5 41. Be4 Rxb5 42. Rd5 Rxd5 43. Bxd5 Kf6 44. Re4 Nd3 45. b3 e5 46. Kg2 Bd2 47. Rc4 Be1 48. Kf1 Bc3 49. Rc6+ Kg7 50. Be4 Nc1 51. Bc2 e4 52. Re6 Nd3 53. Rxe4 Nc5 54. Rc4 Ne6 55. Bf5 Nd4 56. Rc7+ Kf6 57. Bd3 Nxb3 58. Rc6+ Ke5 59. Rh6 Kd4 60. Bh7 Nd2+ 61. Ke2 b3 62. Rxh5 b2 63. Rb5 Nc4 64. h5 Nd6 65. Rb8 Nf7 66. Bb1 Ke5 67. Kd3 Be1 68. Re8+ Kf6 69. Rxe1 1-0

[Event "Wch Blitz"]
[Site "St Petersburg"]
[Date "2018.12.30"]
[Round "13"]
[White "Zaitsev, Alexander"]
[Black "Eliseev, Alexey"]
[Result "0-1"]
[WhiteElo "2473"]
[BlackElo "2379"]
[PlyCount "80"]
[EventDate "2018.12.29"]
[EventType "swiss (blitz)"]
[EventRounds "21"]
[EventCountry "RUS"]
[SourceTitle "CBM 187 Extra"]
[Source "ChessBase"]
[SourceDate "2018.11.04"]
[SourceVersion "1"]
[SourceVersionDate "2018.11.04"]
[SourceQuality "1"]

1. e4 c6 2. d4 d5 3. Nc3 g6 4. h3 Bg7 5. Nf3 Nf6 6. e5 Ne4 7. Bd3 Nxc3 8. bxc3 c5 9. 0-0 c4 10. Be2 Qa5 11. Qd2 Nc6 12. a4 h5 13. Ba3 Bh6 14. Qe1 Bf5 15. Bd1 0-0 16. Nh4 Bd7 17. f4 Kh7 18. f5 g5 19. e6 fxe6 20. fxe6 Rxf1+ 21. Kxf1 Rf8+ 22. Kg1 Be8 23. Nf3 Bg6 24. Rb1 b6 25. Bc1 Rxf3 26. Bxf3 Nxd4 27. Kh1 Nxf3 28. gxf3 d4 29. Rb5 Qxa4 30. Rxg5 Bxg5 31. Bxg5 Qxc2 32. Bxe7 Qxc3 33. Qe5 Qxf3+ 34. Kg1 Be4 35. Qg5 Qh1+ 36. Kf2 Qh2+ 37. Ke1 Qh1+ 38. Kf2 Qf3+ 39. Kg1 Qe3+ 40. Qxe3 dxe3 0-1

[Event "Wch Blitz"]
[Site "St Petersburg"]
[Date "2018.12.29"]
[Round "10"]
[White "Eliseev, Alexey"]
[Black "Gasanov, Eldar"]
[Result "0-1"]
[WhiteElo "2379"]
[BlackElo "2499"]
[PlyCount "74"]
[EventDate "2018.12.29"]
[EventType "swiss (blitz)"]
[EventRounds "21"]
[EventCountry "RUS"]
[SourceTitle "CBM 187 Extra"]
[Source "ChessBase"]
[SourceDate "2018.11.04"]
[SourceVersion "1"]
[SourceVersionDate "2018.11.04"]
[SourceQuality "1"]

1. c4 e5 2. b3 Nc6 3. Bb2 d6 4. e3 g6 5. Nf3 Bg7 6. d4 e4 7. Nfd2 f5 8. a3 a5 9. Nc3 Nf6 10. Be2 0-0 11. h3 Ne7 12. g4 c6 13. g5 Ne8 14. h4 d5 15. f4 exf3 16. Nxf3 Nd6 17. cxd5 Nxd5 18. Nxd5 cxd5 19. Ne5 Be6 20. 0-0 Ne4 21. Bf3 f4 22. Bxe4 dxe4 23. Rxf4 Rxf4 24. exf4 Qb6 25. b4 axb4 26. axb4 Rxa1 27. Bxa1 Qxb4 28. Kf2 Bd5 29. Ke3 Qa3+ 30. Kf2 Qh3 31. Qg4 Qh2+ 32. Ke3 Bf8 33. f5 Qa2 34. fxg6 hxg6 35. h5 Qxa1 36. hxg6 Qe1+ 37. Kf4 Qf2+ 0-1

[Event "Wch Blitz"]
[Site "St Petersburg"]
[Date "2018.12.29"]
[Round "4"]
[White "Eliseev, Alexey"]
[Black "Motylev, Alexander"]
[Result "0-1"]
[WhiteElo "2379"]
[BlackElo "2644"]
[PlyCount "86"]
[EventDate "2018.12.29"]
[EventType "swiss (blitz)"]
[EventRounds "21"]
[EventCountry "RUS"]
[SourceTitle "CBM 187 Extra"]
[Source "ChessBase"]
[SourceDate "2018.11.04"]
[SourceVersion "1"]
[SourceVersionDate "2018.11.04"]
[SourceQuality "1"]

1. d4 d5 2. c4 c6 3. Nf3 Nf6 4. e3 Bg4 5. h3 Bf5 6. Bd3 Bg6 7. 0-0 e6 8. Nc3 Nbd7 9. a3 Bd6 10. b4 e5 11. dxe5 Nxe5 12. Bxg6 hxg6 13. cxd5 cxd5 14. Nb5 Nxf3+ 15. Qxf3 Be5 16. Nd4 Ne4 17. Rd1 a5 18. Bb2 0-0 19. b5 Qe7 20. a4 Rfc8 21. Ba3 Qe8 22. Rac1 Rc4 23. Rxc4 dxc4 24. Ne2 c3 25. g3 Bf6 26. Nf4 Nd2 27. Qe2 Qe4 28. Bc1 Nf3+ 29. Kh1 Nd4+ 30. f3 Nxe2 31. fxe4 Nxg3+ 32. Kg2 Nxe4 33. Nd5 Rc8 34. Nb6 Rc7 35. Kf3 Nc5 36. Rd5 Nb3 37. Rd1 c2 38. Rf1 Nxc1 39. Nd5 Rc4 40. Nxf6+ gxf6 41. Rxc1 f5 42. Ke2 Rxa4 43. Rxc2 Rb4 0-1

[Event "Wch Blitz"]
[Site "St Petersburg"]
[Date "2018.12.29"]
[Round "9"]
[White "Piorun, Kacper"]
[Black "Eliseev, Alexey"]
[Result "1/2-1/2"]
[WhiteElo "2634"]
[BlackElo "2379"]
[PlyCount "110"]
[EventDate "2018.12.29"]
[EventType "swiss (blitz)"]
[EventRounds "21"]
[EventCountry "RUS"]
[SourceTitle "CBM 187 Extra"]
[Source "ChessBase"]
[SourceDate "2018.11.04"]
[SourceVersion "1"]
[SourceVersionDate "2018.11.04"]
[SourceQuality "1"]

1. e4 g6 2. d4 Bg7 3. c4 Nc6 4. Nf3 e5 5. Bg5 f6 6. Be3 d6 7. Nc3 Nh6 8. h3 Nf7 9. Be2 0-0 10. dxe5 dxe5 11. Qxd8 Ncxd8 12. 0-0-0 Re8 13. h4 Nh6 14. Nd5 Ne6 15. Nxf6+ Bxf6 16. Bxh6 Nf4 17. Bxf4 exf4 18. e5 Bg7 19. c5 Be6 20. b3 Rad8 21. Ng5 Bd5 22. Rxd5 Rxd5 23. Bc4 Rexe5 24. Rd1 c6 25. Kc2 Bf6 26. Nh3 Rf5 27. Bxd5+ cxd5 28. b4 a6 29. a4 Bxh4 30. Rd4 Kf7 31. Rxf4 Rxf4 32. Nxf4 Bxf2 33. Kd3 a5 34. bxa5 Bxc5 35. Nxd5 Ke6 36. Ke4 Bd6 37. g4 h5 38. gxh5 gxh5 39. Nc3 Bb4 40. Ne2 h4 41. Nf4+ Kd6 42. Nd3 Bxa5 43. Kf3 Kd5 44. Kg4 Bd8 45. Nf4+ Kc4 46. Ne6 Be7 47. Nf4 Kb3 48. Nd5 Bd8 49. a5 Ka4 50. Nc3+ Kxa5 51. Ne4 Kb4 52. Nd6 b6 53. Nc8 b5 54. Nd6 Kc5 55. Nxb5 Kxb5 1/2-1/2

[Event "Wch Blitz"]
[Site "St Petersburg"]
[Date "2018.12.29"]
[Round "11"]
[White "Shubin, Kirill"]
[Black "Eliseev, Alexey"]
[Result "0-1"]
[WhiteElo "2334"]
[BlackElo "2379"]
[PlyCount "80"]
[EventDate "2018.12.29"]
[EventType "swiss (blitz)"]
[EventRounds "21"]
[EventCountry "RUS"]
[SourceTitle "CBM 187 Extra"]
[Source "ChessBase"]
[SourceDate "2018.11.04"]
[SourceVersion "1"]
[SourceVersionDate "2018.11.04"]
[SourceQuality "1"]

1. e4 g6 2. d4 c6 3. Nf3 d5 4. exd5 cxd5 5. c3 Nc6 6. Bd3 Bg7 7. Bf4 Bf5 8. Bxf5 gxf5 9. 0-0 e6 10. Nbd2 Nge7 11. Nb3 b6 12. Re1 0-0 13. Qd2 Rc8 14. Nc1 Ng6 15. Nd3 Re8 16. Bh6 Qc7 17. Bxg7 Kxg7 18. h4 h6 19. h5 Nge7 20. Nfe5 Nxe5 21. Nxe5 Ng8 22. Qf4 Qe7 23. Re3 Kh7 24. Rae1 Nf6 25. Nd3 Ne4 26. f3 Nd6 27. Nb4 Qd7 28. Qh4 Rg8 29. R3e2 Rg5 30. Nd3 Rcg8 31. Nf4 Qc7 32. Nh3 Rg3 33. Nf4 a5 34. Re5 a4 35. Ng6 Rg5 36. Nf4 a3 37. bxa3 Qxc3 38. Nh3 Rxg2+ 39. Kh1 Qxf3 40. R5e3 Rg1+ 0-1

[Event "Wch Blitz"]
[Site "St Petersburg"]
[Date "2018.12.29"]
[Round "7"]
[White "Yeritsyan, Aram"]
[Black "Eliseev, Alexey"]
[Result "1-0"]
[WhiteElo "2372"]
[BlackElo "2379"]
[PlyCount "111"]
[EventDate "2018.12.29"]
[EventType "swiss (blitz)"]
[EventRounds "21"]
[EventCountry "RUS"]
[SourceTitle "CBM 187 Extra"]
[Source "ChessBase"]
[SourceDate "2018.11.04"]
[SourceVersion "1"]
[SourceVersionDate "2018.11.04"]
[SourceQuality "1"]

1. e4 g6 2. d4 Bg7 3. Nc3 c6 4. f4 d5 5. e5 h5 6. Nf3 Nh6 7. Be3 Bg4 8. Be2 Nf5 9. Bf2 Nd7 10. Qd2 e6 11. g3 b5 12. h3 Bxf3 13. Bxf3 a5 14. Ne2 Nb6 15. b3 a4 16. 0-0 Bf8 17. Nc1 axb3 18. cxb3 Nd7 19. Nd3 Qb6 20. Qc3 Ba3 21. b4 Qc7 22. Nc5 Nxc5 23. dxc5 Ra4 24. Rab1 Qa7 25. Rb3 Kd7 26. Rd1 Ra8 27. Kg2 Ne7 28. Rd3 Qa6 29. Be1 Qa7 30. Bd2 Nf5 31. Be1 Ne7 32. g4 hxg4 33. hxg4 g5 34. f5 exf5 35. gxf5 Bxb4 36. Rxb4 Rxa2+ 37. Bf2 Qa5 38. Bg4 Kc7 39. e6 fxe6 40. fxe6 Rf8 41. Rf3 Rxf3 42. Bxf3 Kb7 43. Rb3 Nf5 44. Qxa5 Rxa5 45. Bg4 Ne7 46. Rf3 Ra7 47. Rf7 Ka6 48. Be3 b4 49. Bxg5 b3 50. Rxe7 Ra8 51. Rc7 Kb5 52. e7 Rg8 53. Rb7+ Kc4 54. Kf3 Kc3 55. Bf6+ d4 56. Rd7 1-0

[Event "St Petersburg-ch rap"]
[Site "St Petersburg"]
[Date "2014.03.08"]
[Round "4"]
[White "Eliseev, Alexey"]
[Black "Levin, Evgeny A"]
[Result "0-1"]
[WhiteElo "2379"]
[BlackElo "2505"]
[PlyCount "56"]
[EventDate "2014.03.08"]
[EventType "swiss (rapid)"]
[EventRounds "9"]
[EventCountry "RUS"]
[SourceTitle "CBM 159 Extra"]
[Source "ChessBase"]
[SourceDate "2014.04.24"]
[SourceVersion "1"]
[SourceVersionDate "2014.04.24"]
[SourceQuality "1"]

1. g4 d5 2. Bg2 c6 3. g5 e5 4. d4 Nd7 5. h4 Ne7 6. e4 dxe4 7. Bxe4 exd4 8. Qxd4 Nf5 9. Bxf5 Qa5+ 10. Nc3 Qxf5 11. Nge2 Ne5 12. Kf1 Ng4 13. Bf4 Be6 14. Rd1 Bc5 15. Qxg7 Ke7 16. g6 Rag8 17. Bg5+ Qxg5 18. hxg5 Rxg7 19. Ne4 Bb6 20. gxh7 Rgxh7 21. Rxh7 Rxh7 22. N2g3 Bxf2 23. Nxf2 Ne3+ 24. Kg1 Nxd1 25. Nxd1 Rg7 26. Ne4 Bf5 27. Ndc3 Bxe4 28. Nxe4 f5 0-1

[Event "St Petersburg blitz prelim"]
[Site "St Petersburg"]
[Date "2013.12.22"]
[Round "3"]
[White "Eliseev, Alexey"]
[Black "Lesovoi, Evgenij"]
[Result "1-0"]
[WhiteElo "2379"]
[BlackElo "2075"]
[PlyCount "59"]
[EventDate "2013.12.22"]
[EventType "swiss (blitz)"]
[EventRounds "11"]
[EventCountry "RUS"]
[SourceTitle "CBM 158 Extra"]
[Source "ChessBase"]
[SourceDate "2014.02.28"]
[SourceVersion "1"]
[SourceVersionDate "2014.02.28"]
[SourceQuality "1"]

1. d4 Nf6 2. Bg5 d5 3. Nd2 Bf5 4. e3 c6 5. Ne2 Nbd7 6. h4 h6 7. Bf4 Qb6 8. b3 e6 9. c4 Bb4 10. f3 dxc4 11. bxc4 c5 12. a3 Ba5 13. e4 Bg6 14. Rb1 Qc6 15. d5 Qc8 16. g4 exd5 17. cxd5 0-0 18. Bg2 c4 19. 0-0 Nxd5 20. exd5 Bxb1 21. Nxb1 Re8 22. Nec3 Nc5 23. Kh2 Nd3 24. Bg3 Bc7 25. f4 Qd7 26. Nd2 Rac8 27. Nxc4 Nxf4 28. Bxf4 Bxf4+ 29. Rxf4 Qc7 30. d6 1-0

[Event "St Petersburg blitz prelim"]
[Site "St Petersburg"]
[Date "2013.12.22"]
[Round "7"]
[White "Sudakova, Irina"]
[Black "Eliseev, Alexey"]
[Result "1-0"]
[WhiteElo "2356"]
[BlackElo "2379"]
[PlyCount "40"]
[EventDate "2013.12.22"]
[EventType "swiss (blitz)"]
[EventRounds "11"]
[EventCountry "RUS"]
[SourceTitle "CBM 158 Extra"]
[Source "ChessBase"]
[SourceDate "2014.02.28"]
[SourceVersion "1"]
[SourceVersionDate "2014.02.28"]
[SourceQuality "1"]

1. e4 c6 2. d4 d5 3. e5 Na6 4. c4 Bf5 5. Bd3 Bxd3 6. Qxd3 e6 7. a3 dxc4 8. Qxc4 Qd5 9. Qxd5 cxd5 10. Nc3 Ne7 11. Nge2 Nc7 12. Bd2 Nc6 13. 0-0 a6 14. Rac1 Nb5 15. Be3 Be7 16. f4 g6 17. Na4 Na5 18. Nb6 Rd8 19. a4 Na7 20. Rc7 N7c6 1-0

[Event "St Petersburg rapid Cup"]
[Site "St Petersburg"]
[Date "2013.09.29"]
[Round "3.1"]
[White "Eliseev, Alexey"]
[Black "Ivanov, Sergey"]
[Result "1/2-1/2"]
[WhiteElo "2379"]
[BlackElo "2556"]
[PlyCount "63"]
[EventDate "2013.09.28"]
[EventType "k.o. (rapid)"]
[EventRounds "5"]
[EventCountry "RUS"]
[SourceTitle "CBM 156 Extra"]
[Source "ChessBase"]
[SourceDate "2013.10.22"]
[SourceVersion "1"]
[SourceVersionDate "2013.10.22"]
[SourceQuality "1"]

1. c4 Nf6 2. g3 e5 3. Bg2 c6 4. d3 d5 5. cxd5 cxd5 6. Bg5 Be7 7. Nf3 Nc6 8. 0-0 0-0 9. Nc3 Be6 10. Rc1 Rc8 11. a3 h6 12. Bxf6 Bxf6 13. b4 a5 14. Qa4 axb4 15. axb4 Qb6 16. Qb5 Qxb5 17. Nxb5 Be7 18. Rb1 f6 19. Rb2 Bxb4 20. Na7 Nxa7 21. Rxb4 Rc7 22. Ra1 Nc6 23. Rb6 Kf7 24. Nd2 Nd4 25. e3 Ne2+ 26. Kf1 Nc3 27. Ra7 Rb8 28. Ke1 Bf5 29. Nb1 Nxb1 30. Bxd5+ Ke7 31. Rxb1 Bxd3 32. Rbxb7 1/2-1/2

[Event "St Petersburg rapid Cup"]
[Site "St Petersburg"]
[Date "2013.09.28"]
[Round "2.2"]
[White "Anisimov, Pavel"]
[Black "Eliseev, Alexey"]
[Result "0-1"]
[WhiteElo "2538"]
[BlackElo "2379"]
[PlyCount "70"]
[EventDate "2013.09.28"]
[EventType "k.o. (rapid)"]
[EventRounds "5"]
[EventCountry "RUS"]
[SourceTitle "CBM 156 Extra"]
[Source "ChessBase"]
[SourceDate "2013.10.22"]
[SourceVersion "1"]
[SourceVersionDate "2013.10.22"]
[SourceQuality "1"]

1. e4 g6 2. d4 Bg7 3. Nc3 c6 4. Be3 d5 5. f3 dxe4 6. fxe4 e5 7. d5 Nf6 8. Nf3 0-0 9. h3 cxd5 10. exd5 e4 11. Nh2 Nh5 12. Qd2 Ng3 13. Rg1 Nf5 14. 0-0-0 Nxe3 15. Qxe3 Qd6 16. Ng4 f5 17. Nf2 Nd7 18. g4 Qb6 19. Qxb6 axb6 20. gxf5 gxf5 21. Bc4 Kh8 22. d6 Ne5 23. Bb3 Bd7 24. Nd5 Rad8 25. Kb1 Bh6 26. Nxb6 Bc6 27. Nc4 Nxc4 28. Bxc4 e3 29. Nd3 Rxd6 30. Ne5 Rxd1+ 31. Rxd1 f4 32. Rg1 f3 33. Nf7+ Rxf7 34. Bxf7 Bg7 35. Rd1 e2 0-1

[Event "St Petersburg rapid Cup"]
[Site "St Petersburg"]
[Date "2013.09.28"]
[Round "2.1"]
[White "Eliseev, Alexey"]
[Black "Anisimov, Pavel"]
[Result "1-0"]
[WhiteElo "2379"]
[BlackElo "2538"]
[PlyCount "134"]
[EventDate "2013.09.28"]
[EventType "k.o. (rapid)"]
[EventRounds "5"]
[EventCountry "RUS"]
[SourceTitle "CBM 156 Extra"]
[Source "ChessBase"]
[SourceDate "2013.10.22"]
[SourceVersion "1"]
[SourceVersionDate "2013.10.22"]
[SourceQuality "1"]

1. d4 Nf6 2. Bg5 e6 3. Nd2 c5 4. e3 b6 5. Bd3 Bb7 6. Ngf3 Be7 7. 0-0 h6 8. Bh4 0-0 9. c3 Nc6 10. Re1 d6 11. Qe2 Rc8 12. Rad1 Nh5 13. Bg3 Nxg3 14. hxg3 Bf6 15. a3 g6 16. Ne4 cxd4 17. cxd4 Bg7 18. Nc3 Nb8 19. e4 a6 20. e5 b5 21. d5 Re8 22. dxe6 Rxe6 23. Be4 Bxe5 24. Nxe5 Rxe5 25. Qd2 Rxc3 26. Bxb7 Rxe1+ 27. Rxe1 Rc7 28. Bd5 Kg7 29. Qd4+ Qf6 30. Qb6 Rc2 31. f4 Nd7 32. Qa7 Rd2 33. Bc6 Nc5 34. Re7 Qf5 35. Bf3 Rxb2 36. Qb8 Qf6 37. Re8 Rb1+ 38. Kh2 Qa1 39. g4 Ne6 40. Rxe6 fxe6 41. Qc7+ Kh8 42. Qd8+ Kh7 43. Qe7+ Qg7 44. Qxe6 Rf1 45. Qxd6 Qf7 46. Kg3 a5 47. Be4 Re1 48. Qe5 Re3+ 49. Kh2 Rxe4 50. Qxe4 Qc7 51. g3 Qd7 52. f5 gxf5 53. gxf5 Kg7 54. Qg4+ Kf8 55. Qg6 Qd2+ 56. Kh3 Qg5 57. Qe6 Kg7 58. Qd7+ Kf6 59. Qe6+ Kg7 60. Qe5+ Kf7 61. Qxb5 Kf6 62. Qb6+ Kf7 63. Qe6+ Kg7 64. Qd7+ Kf6 65. Qd8+ Ke5 66. Qxg5 hxg5 67. Kg4 Kd5 1-0

[Event "Chigorin Memorial 18th"]
[Site "St Petersburg"]
[Date "2010.11.03"]
[Round "7"]
[White "Eliseev, Alexey"]
[Black "Mokshanov, Alexey"]
[Result "0-1"]
[WhiteElo "2398"]
[BlackElo "2271"]
[PlyCount "57"]
[EventDate "2010.10.28"]
[EventType "swiss"]
[EventRounds "9"]
[EventCountry "RUS"]
[SourceTitle "EXT 2011"]
[Source "ChessBase"]
[SourceDate "2010.11.26"]
[SourceVersion "1"]
[SourceVersionDate "2010.11.26"]
[SourceQuality "1"]

1. d4 d5 2. Bg5 h6 3. Bh4 c5 4. dxc5 g5 5. Bg3 Bg7 6. Nc3 d4 7. Ne4 Bf5 8. Qd3 Qa5+ 9. Kd1 Bg6 10. Nf3 Na6 11. Nfd2 Nxc5 12. Nxc5 Bxd3 13. Nxd3 Nf6 14. Be5 Nh5 15. g4 Bxe5 16. gxh5 Bf4 17. Nb3 Qd5 18. f3 Rc8 19. h4 e6 20. Rg1 Ke7 21. Rg4 Rhg8 22. hxg5 hxg5 23. Nbc1 Qc4 24. Ne1 Be3 25. Ncd3 f5 26. Rg3 Kf6 27. a4 b6 28. Ra3 Rc7 29. f4 0-1

[Event "Chigorin Memorial 18th"]
[Site "St Petersburg"]
[Date "2010.10.30"]
[Round "3"]
[White "Eliseev, Alexey"]
[Black "Markevich, Ilya"]
[Result "0-1"]
[WhiteElo "2398"]
[BlackElo "2175"]
[PlyCount "120"]
[EventDate "2010.10.28"]
[EventType "swiss"]
[EventRounds "9"]
[EventCountry "RUS"]
[SourceTitle "EXT 2011"]
[Source "ChessBase"]
[SourceDate "2010.11.26"]
[SourceVersion "1"]
[SourceVersionDate "2010.11.26"]
[SourceQuality "1"]

1. e4 c5 2. Nf3 e6 3. c3 d5 4. exd5 Qxd5 5. d4 Nf6 6. Na3 Qd8 7. Bg5 cxd4 8. Nxd4 Be7 9. Nc4 0-0 10. Qf3 Qd5 11. Qxd5 exd5 12. Ne3 Nc6 13. Ndf5 Bd8 14. Be2 Be6 15. 0-0 Ne4 16. Bxd8 Raxd8 17. Rfd1 Rd7 18. f3 Nf6 19. Kf2 Rfd8 20. Nd4 Kf8 21. Rd2 Nxd4 22. Rxd4 Ng8 23. Rad1 Ne7 24. Bb5 Nc6 25. Bxc6 bxc6 26. Ra4 c5 27. Nf1 g6 28. g4 Kg7 29. h4 h6 30. Ng3 Rb8 31. b3 Rbd8 32. Ra5 Rc8 33. g5 hxg5 34. hxg5 Rh8 35. Kg2 Rc7 36. Ra4 Bh3+ 37. Kf2 Be6 38. Rh1 Rxh1 39. Nxh1 Bd7 40. Rf4 Rc6 41. Ra4 a6 42. Ng3 f6 43. f4 Kf7 44. Ra5 Bc8 45. Ke3 Ke7 46. Kd2 fxg5 47. fxg5 Kd6 48. Nf1 Rc7 49. Ne3 Bb7 50. b4 cxb4 51. cxb4 Rh7 52. a4 Rh5 53. Rc5 Rh4 54. Nc2 Rg4 55. a5 Rxg5 56. Ne3 Rh5 57. Kd3 Bc6 58. Rc1 Rh4 59. Nc2 Bb5+ 60. Kc3 Rh3+ 0-1

[Event "Chigorin Memorial 16th"]
[Site "St Petersburg"]
[Date "2008.10.10"]
[Round "8"]
[White "Vunder, Andrei"]
[Black "Eliseev, Alexey"]
[Result "0-1"]
[WhiteElo "2261"]
[BlackElo "2395"]
[PlyCount "94"]
[EventDate "2008.10.03"]
[EventType "swiss"]
[EventRounds "9"]
[EventCountry "RUS"]
[SourceTitle "CBM 126 Extra"]
[Source "ChessBase"]
[SourceDate "2008.11.05"]
[SourceVersion "1"]
[SourceVersionDate "2008.11.05"]
[SourceQuality "1"]

1. d4 c5 2. c3 e6 3. Nf3 Nf6 4. Bg5 cxd4 5. cxd4 Qb6 6. Qc2 Nc6 7. Bxf6 gxf6 8. e3 d5 9. Nc3 Bd7 10. Be2 f5 11. 0-0 Bd6 12. Rfc1 0-0 13. Na4 Qc7 14. Nc5 Rfc8 15. Qd2 Be8 16. b4 Qe7 17. a3 Rc7 18. Rc2 a5 19. Rac1 axb4 20. axb4 Nd8 21. b5 b6 22. Na6 Rxc2 23. Rxc2 Nb7 24. Qc1 Na5 25. Rc8 Rxc8 26. Qxc8 Qd7 27. Qxd7 Bxd7 28. Nd2 f4 29. g3 fxe3 30. fxe3 Kf8 31. Kf2 Ke7 32. e4 dxe4 33. Nxe4 Ba3 34. Nc7 Nb3 35. Ke3 Bb2 36. d5 Bd4+ 37. Kd3 Be5 38. d6+ Bxd6 39. Nxd6 Kxd6 40. Kc3 Nc1 41. Bc4 Kxc7 42. Kb2 Kd6 43. Kxc1 Kc5 44. Bd3 h6 45. Kd2 Bxb5 46. Bh7 Kd4 47. g4 f6 0-1

[Event "Chigorin Memorial 16th"]
[Site "St Petersburg"]
[Date "2008.10.09"]
[Round "7"]
[White "Eliseev, Alexey"]
[Black "Loginov, Valery A"]
[Result "0-1"]
[WhiteElo "2395"]
[BlackElo "2481"]
[PlyCount "67"]
[EventDate "2008.10.03"]
[EventType "swiss"]
[EventRounds "9"]
[EventCountry "RUS"]
[SourceTitle "CBM 126 Extra"]
[Source "ChessBase"]
[SourceDate "2008.11.05"]
[SourceVersion "1"]
[SourceVersionDate "2008.11.05"]
[SourceQuality "1"]

1. c4 g6 2. d4 Nf6 3. Nc3 Bg7 4. e4 d6 5. f3 0-0 6. Be3 a6 7. Qd2 Nc6 8. Nge2 Rb8 9. Nd5 Nd7 10. h4 e6 11. Ndc3 b5 12. cxb5 axb5 13. h5 b4 14. Nd1 Na5 15. Rc1 c5 16. hxg6 fxg6 17. dxc5 dxc5 18. Bg5 Qe8 19. Ne3 Ba6 20. f4 c4 21. e5 Nc5 22. Ng3 Rf7 23. Nxc4 Bxc4 24. Bxc4 Rd7 25. Qe2 Nxc4 26. Rxc4 Nd3+ 27. Kf1 Rc8 28. Rxc8 Qxc8 29. Kg1 h6 30. Bxh6 Qc5+ 31. Kh2 Bxh6 32. Ne4 Bxf4+ 33. g3 Qxe5 34. gxf4 0-1

[Event "Chigorin Memorial 16th"]
[Site "St Petersburg"]
[Date "2008.10.07"]
[Round "5"]
[White "Amonatov, Farrukh"]
[Black "Eliseev, Alexey"]
[Result "1-0"]
[WhiteElo "2634"]
[BlackElo "2395"]
[PlyCount "129"]
[EventDate "2008.10.03"]
[EventType "swiss"]
[EventRounds "9"]
[EventCountry "RUS"]
[SourceTitle "CBM 126 Extra"]
[Source "ChessBase"]
[SourceDate "2008.11.05"]
[SourceVersion "1"]
[SourceVersionDate "2008.11.05"]
[SourceQuality "1"]

1. e4 c6 2. d4 d5 3. Nc3 g6 4. h3 Bg7 5. Nf3 dxe4 6. Nxe4 Nd7 7. Bd3 Ngf6 8. Nxf6+ Nxf6 9. 0-0 0-0 10. Re1 Bf5 11. Bxf5 gxf5 12. c3 e6 13. Bf4 Nd5 14. Bg5 Bf6 15. Bh6 Bg7 16. Bxg7 Kxg7 17. Qd2 Ne7 18. h4 Kh8 19. Ne5 Ng6 20. Nxg6+ hxg6 21. Qh6+ Kg8 22. Re3 Qf6 23. h5 Qg7 24. Qg5 Rfe8 25. Rg3 f6 26. Qxg6 Qxg6 27. hxg6 Kg7 28. Re1 Re7 29. f4 Rh8 30. b4 Ra8 31. Kf2 Rh8 32. Rge3 Rhe8 33. Rh1 Kxg6 34. Rg3+ Kf7 35. Rh7+ Kf8 36. Rh8+ Kf7 37. Rh6 e5 38. Rgg6 exf4 39. Rxf6+ Kg7 40. Rhg6+ Kh7 41. Rh6+ Kg7 42. Rfg6+ Kf7 43. Rd6 Kg7 44. Rhg6+ Kh7 45. Rgf6 Rg8 46. Rxf5 Rg3 47. c4 Rc3 48. c5 a5 49. bxa5 Ra3 50. Rxf4 Rxa5 51. g4 Rxa2+ 52. Kg3 Kg7 53. Kh4 Rae2 54. Rff6 Kg8 55. Kg5 Re1 56. Rg6+ Kf7 57. Rh6 Kg7 58. Rdg6+ Kf7 59. Rh7+ Ke8 60. Rg8+ Kd7 61. Rgg7 Rxg7+ 62. Rxg7+ Kc8 63. Rf7 Re4 64. Rf4 Re8 65. Kh6 1-0

[Event "St Petersburg March op"]
[Site "St Petersburg"]
[Date "2008.03.30"]
[Round "9"]
[White "Eliseev, Alexey"]
[Black "Solovjova, Valentina"]
[Result "0-1"]
[WhiteElo "2403"]
[BlackElo "2275"]
[PlyCount "118"]
[EventDate "2008.03.22"]
[EventType "swiss"]
[EventRounds "9"]
[EventCountry "RUS"]
[SourceTitle "EXT 2010"]
[Source "ChessBase"]
[SourceDate "2010.11.25"]
[SourceVersion "1"]
[SourceVersionDate "2010.11.25"]
[SourceQuality "1"]

1. Nf3 d5 2. b3 c6 3. Bb2 Nf6 4. g3 Bf5 5. Bg2 e6 6. 0-0 Be7 7. d3 0-0 8. Nbd2 h6 9. Qe1 Bh7 10. e4 a5 11. e5 Nfd7 12. a4 b5 13. Qe3 Qb6 14. Bd4 c5 15. Bb2 b4 16. h4 Nc6 17. Rfe1 Rfc8 18. g4 Qd8 19. g5 hxg5 20. Nxg5 Nd4 21. Rac1 Nf5 22. Qf4 Bg6 23. Ndf3 Nf8 24. Bh3 Nh6 25. Rcd1 Bf5 26. Qg3 Bxh3 27. Qxh3 Qb6 28. Kh1 c4 29. Bd4 Qc6 30. dxc4 dxc4 31. Ne4 Nf5 32. Qg4 Rd8 33. Rg1 Ng6 34. h5 Nh6 35. Qg2 Qxe4 36. hxg6 fxg6 37. Rde1 Qf5 38. Be3 Rf8 39. Nh2 cxb3 40. cxb3 Kh7 41. Bxh6 gxh6 42. Re3 Bg5 43. Rh3 Kg7 44. Ng4 Rac8 45. Rg3 Rc1 46. Rxc1 Bxc1 47. Nf6 Bg5 48. Ne4 Qxe5 49. Rd3 Qa1+ 50. Kh2 Bf4+ 51. Kh3 Qe5 52. Qf3 Rf7 53. Kg2 Bg3 54. Qe3 Bf4 55. Qe2 h5 56. Rd8 Qf5 57. Qd3 Be5 58. Rc8 h4 59. Rc4 Qg4+ 0-1